| 000 | 00432nam a2200145Ia 4500 | ||
|---|---|---|---|
| 005 | 20250522022515.0 | ||
| 008 | 240331s9999 xx 000 0 und d | ||
| 082 |
_a302.23 _bARU |
||
| 100 | _aArunthati | ||
| 245 | 0 | _aExile Tamil cinema a debate | |
| 260 |
_aFrance & London _bMugam Pathippagam & Tamil Information Centre _c2000 |
||
| 300 | _a176 p ., | ||
| 500 | _aA collection of essays on exile Tamil Cinema A debate | ||
| 942 | _cL | ||
| 999 |
_c1134 _d1134 |
||